Wheel of Time - Red Ajah Aes Sedai - Statistics

General Stats
  • This quiz has been taken 131 times
  • The average score is 24 of 38
Answer Stats
Aes Sedai % Correct
Elaida a'Roihan
100%
Galina Casban
96%
Liandrin Guirale
96%
Katerine Alruddin
88%
Pevara Tazanovni
88%
Tsutama Rath
88%
Tarna Feir
83%
Duhara Basaheen
79%
Teslyn Baradon
79%
Toveine Gazal
79%
Amira Moselle
71%
Javindhra Doraille
71%
Silviana Brehon
71%
Viria Connoral
71%
Barasine
67%
Desala Nevanche
67%
Jezrail
67%
Lirene Doirellin
67%
Nesita
67%
Patrinda
67%
Raechin Connoral
67%
Melare
63%
Sashalle Anderly
63%
Memara
58%
Janine Pavlara
54%
Jamilila Norsish
50%
Notasha
50%
Covarla Baldene
46%
Lemai Ambani
42%
Vayelle Kamsa
42%
Caren Endelle
38%
Cariandre Temalien
38%
Chisaine Nurbaya
38%
Jenare Balmaen
38%
Laigin Arnault
38%
Turese
38%
Valene Sural
38%
Innina Darenhold
33%
No matching quizzes found
Score Distribution
Percent of People with Each Score
Percentile by Number Answered
Your Score History
You have not taken this quiz